| 000 | 00762nam a22002417a 4500 | ||
|---|---|---|---|
| 999 |
_c5034 _d5034 |
||
| 001 | 3627 | ||
| 003 | BD-DhUAP | ||
| 005 | 20201129114348.0 | ||
| 008 | 201129s1994 lona b 001 0 eng d | ||
| 020 | _a0853692904 | ||
| 040 |
_aDNLM/DLC _cDLC _dBD-DhUAP _bEng |
||
| 082 | 0 | 0 |
_223 _a615.1141 PHA |
| 245 |
_aThe pharmaceutical codex : _bprinciples and practice of pharmaceutics / _cedited by Walter Lund. |
||
| 250 | _a12th ed. | ||
| 260 |
_aLondon : _bThe pharmaceutical press, _cc1994. |
||
| 300 |
_axix, 1117 pages : _billustrations ; _c25 cm. |
||
| 500 | _aIncludes index. | ||
| 650 |
_aPharmacopoeias _zGreat Britain. |
||
| 650 | _aPharmaceutical chemistry. | ||
| 700 | _aLund, Walter. | ||
| 942 | 0 | 0 |
_2ddc _cBK |